| 000 | 00360nam a2200109Ia 4500 | ||
|---|---|---|---|
| 008 | 171204s9999 xx 000 0 und d | ||
| 245 | _aUnderstanding and Enriching Problem Solving in Primary Mathematics: | ||
| 245 | _cPatrick Barm | ||
| 260 | _c2014 | ||
| 650 | _xField Study 4: Exploring the Curriculum | ||
| 856 | _uhttp://down.ebook777.com/040/1909330698.pdf | ||
| 999 |
_c345822 _d345822 |
||